| 000 | 00447cam a2200181ua 4500 | ||
|---|---|---|---|
| 001 | 6894 | ||
| 005 | 20260515114126.0 | ||
| 008 | 140304n ii |||gr||||Z||||||eng | ||
| 040 | _cMAIN | ||
| 082 | _a368 | ||
| 245 | 1 | 1 |
_aElements of life Insurance _cBy O.P. Bajpai |
| 260 |
_aAllahabad: _bKitab mahal, _c1959. |
||
| 300 | _ax,190p. | ||
| 653 | _aCommerce | ||
| 653 | _aElements of life Insurance | ||
| 700 | 1 |
_aBajpai,O.P., _eAuthor. |
|
| 942 | _cBK | ||
| 999 |
_c6035 _d6035 |
||